| 000 -LEADER |
| fixed length control field |
02027cam a22003857i 4500 |
| 001 - CONTROL NUMBER |
| control field |
17317248 |
| 003 - CONTROL NUMBER IDENTIFIER |
| control field |
NUST |
| 005 - DATE AND TIME OF LATEST TRANSACTION |
| control field |
20190720085245.0 |
| 008 - FIXED-LENGTH DATA ELEMENTS--GENERAL INFORMATION |
| fixed length control field |
120524s2010 ii a 001 0 eng |
| 010 ## - LIBRARY OF CONGRESS CONTROL NUMBER |
| LC control number |
2012419295 |
| 020 ## - INTERNATIONAL STANDARD BOOK NUMBER |
| International Standard Book Number |
9789386314680 |
| 038 ## - RECORD CONTENT LICENSOR |
| Staff Name |
Arshad |
| 040 ## - CATALOGING SOURCE |
| Original cataloging agency |
DLC |
| Language of cataloging |
eng |
| Description conventions |
rda |
| Transcribing agency |
DLC |
| 042 ## - AUTHENTICATION CODE |
| Authentication code |
pcc |
| 050 00 - LIBRARY OF CONGRESS CALL NUMBER |
| Classification number |
MLCM 2016/40713 (Q) |
| 082 ## - DEWEY DECIMAL CLASSIFICATION NUMBER |
| Classification number |
005.133 |
| Author Mark |
GAU |
| 100 1# - MAIN ENTRY--PERSONAL NAME |
| Personal name |
Gautam, Anju |
| 9 (RLIN) |
18034 |
| 245 10 - TITLE STATEMENT |
| Title |
PROGRAMMING IN JAVA / |
| Statement of responsibility, etc. |
Anju Gautam |
| 264 #1 - PRODUCTION, PUBLICATION, DISTRIBUTION, MANUFACTURE, AND COPYRIGHT NOTICE |
| Place of production, publication, distribution, manufacture |
New Delhi : |
| Name of producer, publisher, distributor, manufacturer |
Random Publications, |
| Date of production, publication, distribution, manufacture, or copyright notice |
2017. |
| 300 ## - PHYSICAL DESCRIPTION |
| Extent |
xvi, 296 pages : |
| Other physical details |
illustrations ; |
| Dimensions |
25 cm |
| 336 ## - CONTENT TYPE |
| Content type term |
text |
| Content type code |
txt |
| Source |
rdacontent |
| 337 ## - MEDIA TYPE |
| Media type term |
unmediated |
| Media type code |
n |
| Source |
rdamedia |
| 338 ## - CARRIER TYPE |
| Carrier type term |
volume |
| Carrier type code |
nc |
| Source |
rdacarrier |
| 500 ## - GENERAL NOTE |
| General note |
Includes index. |
| 500 ## - GENERAL NOTE |
| General note |
"OXFORD HIGHER EDUCATION"--Cover. |
| 505 0# - FORMATTED CONTENTS NOTE |
| Formatted contents note |
Chapter 1. Introduction to OOP -- Chapter 2. Getting started with Java -- Chapter 3. Java programming constructs -- Chapter 4. Classes and objects -- Chapter 5. Inheritance -- Chapter 6. Interfaces, packages, and enumeration -- Chapter 7. Exception, assertions, and logging -- Chapter 8. Multithreading in Java -- Chapter 9. Input/output, serialization -- Chapter 10. Java.util and generics -- Chapter 11. Network programming -- Chapter 12. Applet -- Chapter 13. Event handling in Java -- Chapter 14. Abstract window toolkit -- Chapter 15. Swing -- Chapter 16. Introduction to advanced Java. |
| 650 #0 - SUBJECT ADDED ENTRY--TOPICAL TERM |
| Topical term or geographic name entry element |
Java (Computer program language) |
| 9 (RLIN) |
8017 |
| 700 1# - ADDED ENTRY--PERSONAL NAME |
| Personal name |
Choudhary, Saurabh, |
| Relator term |
author. |
| 9 (RLIN) |
18105 |
| 856 42 - ELECTRONIC LOCATION AND ACCESS |
| Materials specified |
Contributor biographical information |
| Uniform Resource Identifier |
<a href="http://www.loc.gov/catdir/enhancements/fy1604/2012419295-b.html">http://www.loc.gov/catdir/enhancements/fy1604/2012419295-b.html</a> |
| 856 42 - ELECTRONIC LOCATION AND ACCESS |
| Materials specified |
Publisher description |
| Uniform Resource Identifier |
<a href="http://www.loc.gov/catdir/enhancements/fy1604/2012419295-d.html">http://www.loc.gov/catdir/enhancements/fy1604/2012419295-d.html</a> |
| 856 41 - ELECTRONIC LOCATION AND ACCESS |
| Materials specified |
Table of contents only |
| Uniform Resource Identifier |
<a href="http://www.loc.gov/catdir/enhancements/fy1604/2012419295-t.html">http://www.loc.gov/catdir/enhancements/fy1604/2012419295-t.html</a> |
| 906 ## - LOCAL DATA ELEMENT F, LDF (RLIN) |
| a |
7 |
| b |
cbc |
| c |
origres |
| d |
4 |
| e |
ncip |
| f |
20 |
| g |
y-gencatlg |
| 942 ## - ADDED ENTRY ELEMENTS (KOHA) |
| Source of classification or shelving scheme |
|
| Koha item type |
Book |